• 首页
  • 本馆介绍
  • 公告通知
  • 最新文献
  • 馆藏检索
  • 电子资源
  • 读者导购
  • 参考咨询
  • 我的图书馆
  • 登录
  • 详细信息显示
  • 放入我的书架
  • 预约/预借图书
  • 作者相关作品
  • 分类相关作品
  • 丛书相关作品
  • 出版社相关作品

书目信息

  • 表格格式
  • 工作单格式
  • 卡片格式
题名:
大地和人
    
 
作者: 伊林 著 ;潘际垌 , 祝贺 译
分册:  
出版信息: 北京   开明出版社  1951
页数: 45页
开本: 18cm
丛书名: 科学普及小丛书
单 册:
中图分类: N5
科图分类:
主题词: 自然科学--丛书 , 自然科学--文集 , 自然科学--普及读物 , 自然科学--连续出版物
电子资源:
ISBN:
000 00851nam2 2200313 45 980
001 0634114275
005 20060810090347.40
010    @dCNY2000.00(旧币)
100    @a19970313d1951 emky0chiy0121 ea
101 1  @achi@crus
102    @aCN@b110000
105    @ay z 000yy
106    @ar
200 10 @a大地和人@f(苏)伊林,М.撰@g潘际垌,祝贺译@Ada de he ren
210    @a北京@c开明出版社@d1951
215    @a45页@d18cm
225 2  @a科学普及小丛书
327 1  @a细目:1.大地和人2.理性的时代
410  0 @1 20010@a科学普及小丛书
606 0  @a自然科学@x丛书
606 0  @a自然科学@x文集
606    @a自然科学@x普及读物
606 0  @a自然科学@x连续出版物
690    @aN5@v3
701  1 @a伊林@bМ.@f苏@4著@Ayi lin
702  0 @a潘际垌@4译@Apan ji dong
702  0 @a祝贺@4译@Azhu he
801 0  @c20060810
905    @a10447@dN5@e159
    
    大地和人/(苏)伊林,М.撰/潘际垌,祝贺译.-北京:开明出版社,1951
    45页;18cm .-(科学普及小丛书 )
    
    部分内容:细目:1.大地和人2.理性的时代
    ISBN :CNY2000.00(旧币)
    
●
相关链接 在E读中查询图书 在五车中查询图书 在当当中查询图书 在豆瓣中查询图书


正题名:大地和人     索取号:N5/159         预约/预借

序号 登录号 条形码 馆藏地/架位号 状态 备注
1 0448272   204482728   密集书库/ [索取号:N5/159] 在馆    
2 0448273   204482737   密集书库/ [索取号:N5/159] 在馆    
3 0448274   204482746   密集书库/ [索取号:N5/159] 在馆    
4 0451851   204518511   密集书库/ [索取号:N5/159] 在馆    
唐山师范学院图书馆 欢迎您!
大连网信软件有限公司© 版权所有